1832 1572 1565 1327 1478 1466 1541 1251 1677 1594 1573 1996 1828 1441 1092 1146 1184 1504 1601 1703 1195 1618 1082 1440 1744 1270 1692 1696 1227 1290 1545 1244 1154 1479 1579 1834 1351 1511 1321 1192 1986 1382 1730 1196 1214 1276 1924 1490 1268 1833 1150 1621 1117 1935 1082 1504 1590 1745 1963 1276 1428 1938 1073 1429 1396 1188 1928 1048 1941 1484 1110 1090 1873 1020 1777 1013 1850 1557 1378 1265 1247 1321 1263 1220 1353 1226 1692 1164 1152 1401 1481 1134 1364 1255 1678 1516 1975 1100 1207 BCNSPRNW ULIB Ver.6.0+V

เปลี่ยนเป็นภาษาไทย

Change to English
 แสดงรายละเอียดบรรณานุกรม
  กลับหน้าหลัก

Brief Record : Get Marc (ISO 2709) : E-mail record : QR code < ปิดหน้าต่าง
LEADER : 00000nam 2200000uu 4500
001    13399125122
003     ULIB
008    160930s2553||||th 000 0 tha d
020    ^a9786167081724
090    ^a นว.^bพ787จ
100    ^aพีรวิชญ์
245    ^aจำเลยรักจำเลยแค้น /^cพีรวิชญ์
260    ^aนนทบุรี :^bสำนักพิมพ์ smart book,^c2553
300    ^a288 หน้า
945    ^p220^l0^i001357
999    ^aณรีรัตน์ วารุกา
รายการนี้ยังไม่มีแท็ก
คุณยังไม่ได้ล็อกอิน คุณสามารถมีกิจกรรมร่วมกับเว็บไซต์ได้ แต่ต้องล็อกอินก่อน ::
  ล็อกอิน

รายการสื่อสารสนเทศ

ลำดับที่ ประเภท เลขเรียก/บาร์โค้ด สถานที่ สถานะ
1. นวนิยาย
นวนิยาย
นว. พ787จ ฉ.1 
  Barcode: 001357
ห้องสมุดวิทยาเขตนครสวรรค์
►นวนิยาย:l:Fiction
บนชั้น

BibComment


ยังไม่เคยถูกคอมเมนท์

คอมเมนท์ทรัพยากรรายการนี้
  คอมเมนท์: จำเลยรักจำเลยแค้..


 Copyright 2026. Bcnsprnw @Library